000 00510nam a2200169 i 4500
001 20888
003 ES-MaACL
005 20230906152400.0
007 t|
008 021119s1972 sp ||||1| cat d
100 1 _aAdorno, Theodor W.
_918468
245 1 0 _aSociología i psicología /
_cTheodor W. Adorno ; traducció Francesc Mira i Castera.
260 _a[Barcelona :
_bLavinia,
_c1972]
300 _a125 p. ;
_c20 cm.
700 1 _aMira i Castera, Francesc.
_981457
852 _aES-MaACL
_jC-48577
_bR.85163
999 _c20888
_d20888